| 000 | 00519nam a22001817a 4500 | ||
|---|---|---|---|
| 005 | 20100804134016.0 | ||
| 010 | _aENG-98238 | ||
| 020 |
_a9788190741682 _c45.00 |
||
| 035 | _aEN-81771 | ||
| 037 | _bDBAD/PUB | ||
| 082 | _a883 | ||
| 100 |
_aRamya, S. _95972 |
||
| 245 |
_aThe fictional world of toni morrison / _cby S.Ramya |
||
| 260 |
_aThanjavur _bPrintmagic _c2008 |
||
| 270 |
_a#2, Firt Floor, Gura Complex, Rajappa Nagar, Medical College Road, _bThanjavur _e613007 |
||
| 300 |
_a64p. _c21cm (pbk) |
||
| 942 |
_2ddc _cBN |
||
| 999 |
_c39213 _d39213 |
||